[Event "GER CupT"]
[Site "GER"]
[Date "1991.??.??"]
[Round "?"]
[White "Vaganian, Rafael A"]
[Black "Rausis, Igors"]
[Result "1-0"]
[WhiteElo "2585"]
[BlackElo "2440"]

1.Nf3 d5 2.g3 c6 3.Bg2 Bg4 4.O-O Nd7 5.d3 e5 6.e4 dxe4 7.dxe4 Ngf6 8.h3 Bh5
9.Nbd2 Qc7 10.Qe1 Bc5 11.Nh4 O-O 12.Nb3 Bb6 13.a4 a5 14.Nf5 Rfe8 15.Be3 Bg6
16.Nh4 Bxe3 17.Qxe3 Qb6 18.Qxb6 Nxb6 19.Nxg6 hxg6 20.Rfd1 Nbd7 21.h4 Nf8
22.f3 Ne6 23.Bh3 Re7 24.Kf2 g5 25.Bxe6 Rxe6 26.hxg5 Nh7 27.Nc5 Re7 28.Rd7 Rxd7
29.Nxd7 Re8 30.Ra3 Re7 31.Nb6 Nxg5 32.Nc4 Rd7 33.Ke3 Ne6 34.Nxe5 Rd1 35.Rd3 Rc1
36.Rd2 f6 37.Nc4 Re1+ 38.Kf2 Ra1 39.Nxa5 Rxa4 40.Nxb7 Rb4 41.Nd8 Ng5 42.b3  1-0

[Event "GER-ch U20"]
[Site "GER"]
[Date "1991.??.??"]
[Round "?"]
[White "Gueldner, Kurt"]
[Black "Schwarz, Michael"]
[Result "1-0"]
[WhiteElo "2310"]
[BlackElo "2315"]

1.Nf3 d5 2.g3 c6 3.Bg2 Nf6 4.O-O Bf5 5.d3 e6 6.c4 dxc4 7.dxc4 Na6 8.Nc3 Bc5
9.a3 Qxd1 10.Rxd1 Bc2 11.Re1 Ne4 12.Nxe4 Bxe4 13.b4 Bxf3 14.Bxf3  1-0

[Event "GER CupT"]
[Site "GER"]
[Date "1991.??.??"]
[Round "?"]
[White "Schwamberger, Martin"]
[Black "Ostl, Andreas"]
[Result "1-0"]
[WhiteElo "2310"]
[BlackElo "2325"]

1.Nf3 d5 2.g3 c6 3.Bg2 Bf5 4.O-O e6 5.d3 h6 6.Nbd2 Nf6 7.b3 a5 8.a3 Nbd7
9.Bb2 Nc5 10.Qe1 Be7 11.e4 Bh7 12.Ne5 O-O 13.Qe2 Qb6 14.Kh1 Rad8 15.Ng4 Ncd7
16.f4 Nxg4 17.Qxg4 Nf6 18.Qe2 dxe4 19.dxe4 Rd7 20.Nc4 Qa6 21.Bc3 b6 22.a4 Rfd8
23.Rae1 Kf8 24.g4 Kg8 25.g5 hxg5 26.fxg5 Ne8 27.Rxf7 Bg6 28.Rf2 Kh7 29.Qg4 Bc5
30.Qh3+ Kg8 31.Qxe6+ Rf7 32.Rxf7 Bxf7 33.Qg4 Bxc4 34.bxc4 Qxc4 35.Qh3 Bd4
36.Bxd4 Rxd4 37.g6 Kf8 38.Rf1+ Ke7 39.Qh8 Rxe4 40.Qf8+ Kd8 41.Rd1+ Kc8 42.Bh3+ Kb8
43.Rd8+ Kc7 44.Qf7+  1-0

[Event "BL2-N9091"]
[Site "Germany"]
[Date "1991.??.??"]
[Round "?"]
[White "Schirm, Friedmar"]
[Black "Hedke, Fred"]
[Result "1/2-1/2"]
[WhiteElo "2275"]
[BlackElo "2285"]

1.Nf3 d5 2.g3 Nf6 3.Bg2 e6 4.O-O Be7 5.b3 O-O 6.c4 b6 7.Bb2 Bb7 8.e3 Nbd7
9.Nc3 c5 10.d3 Qc7 11.Qe2 Rad8 12.Rad1 a6 13.e4 d4 14.Nb1 Ne8 15.Bc1 e5 16.Bh3 Bf6
17.Ne1 g6 18.f4 Bg7 19.f5 Nd6 20.fxg6 hxg6 21.Nf3 Bc8 22.Nh4 Rde8 23.Bg5 Nb8
24.Qg2 Bxh3 25.Qxh3 Qd7 26.g4 Nc6 27.Rf2 Nd8 28.Bc1 Ne6 29.g5 Qe7 30.Qg4 Rb8
31.Nf5 gxf5 32.exf5 Nf4 33.f6 Qe6 34.Qxe6 Nxe6 35.fxg7 Nxg7 36.Nd2 Ne6 37.Re1 Nf4
38.Rf3 Rfe8 39.Ne4 Nxe4 40.Rxe4 Ng6 41.h4 b5 42.h5 Nf8 43.Rf1 bxc4 44.bxc4 Rb1  1/2-1/2

[Event "BL2-S9091"]
[Site "Germany"]
[Date "1991.??.??"]
[Round "?"]
[White "Egger, Thomas"]
[Black "Ruf, Matthias"]
[Result "1-0"]
[WhiteElo "2275"]
[BlackElo "2425"]

1.Nf3 d5 2.g3 Nf6 3.Bg2 c6 4.O-O Bg4 5.Ne5 Bf5 6.d4 Nbd7 7.c4 e6 8.cxd5 cxd5
9.Bg5 Be7 10.Qa4 O-O 11.Nxd7 Nxd7 12.Bxe7 Qxe7 13.Nc3 Nb6 14.Qb3 Rfd8 15.Rfd1 Rd7
16.Rac1 h6 17.a4 Qd8 18.Qa2 Rc8 19.b3 Rdc7 20.Qd2 a6 21.a5 Nd7 22.e4 dxe4
23.Nxe4 Rxc1 24.Rxc1 Rxc1+ 25.Qxc1 Qxa5 26.Nd6 Bd3 27.Nxb7 Qb4 28.Nc5 Qxd4
29.Nxd3 Qxd3 30.Qc8+ Kh7 31.Bf1 Qd1 32.b4 Ne5 33.Qxa6 Qd4 34.Qe2 f5 35.Qe3 Qd5
36.Bg2 Qd1+ 37.Bf1 Nf3+ 38.Kg2 Ne1+ 39.Kg1 Nf3+ 40.Kg2 Ne1+ 41.Kg1 e5 42.Qe2 Qb1
43.f3 e4 44.fxe4 fxe4 45.b5 Nf3+ 46.Kg2 Qb4 47.Qc4 Qd2+ 48.Qe2 Qd5 49.b6 Nd4
50.Qc4 Qe5 51.b7 Nf5 52.Qb3 Qb8 53.Bc4 Nd4 54.Qb1 Kh8 55.Qxe4  1-0

[Event "BL2-S9091"]
[Site "Germany"]
[Date "1991.??.??"]
[Round "?"]
[White "Muehl, Theo"]
[Black "Martin, Thomas2"]
[Result "0-1"]
[WhiteElo "2210"]
[BlackElo "2205"]

1.Nf3 d5 2.g3 Nf6 3.Bg2 Bf5 4.c4 c6 5.Qb3 Qb6 6.O-O e6 7.d4 Be7 8.Nc3 Nbd7
9.Re1 Ne4 10.Nd2 Nxd2 11.Bxd2 Nf6 12.e4 dxe4 13.Nxe4 O-O 14.Bc3 Rfd8 15.Rad1 Qxb3
16.axb3 Nxe4 17.Bxe4 Bxe4 18.Rxe4 Bf6 19.Re2 Rd7 20.Red2 Rad8 21.Kf1 g6 22.Ke2 Kg7
23.Ke3 Kf8 24.Ra1 a6 25.Rad1 h5 26.f4 Bg7 27.Ba5 Re8 28.Bb6 Kg8 29.Kf3 Bf6
30.h3 Bd8 31.Bxd8 Rexd8 32.g4 hxg4+ 33.hxg4 Kg7 34.g5 Rh8 35.Ke4 Rh3 36.Rd3 Rh2
37.R1d2 Rh1 38.Re3 e5 39.d5 Rh4 40.Rf3 exf4 41.d6 Rg4 42.Rxf4 Rxg5 43.b4 a5
44.bxa5 Rxa5 45.Rh4 Rf5 46.b4 b6 47.Rh1 c5 48.Rb1 Kf6 49.Rd5 Ke6 50.bxc5 bxc5
51.Rb6 f6 52.Rc6 Rf1 53.Rcxc5 Rxd6 54.Rxd6+ Kxd6 55.Ra5 g5 56.Ke3 g4 57.Ra8 f5
58.Rg8 Rf3+ 59.Kd4 Rf4+ 60.Kd3 Ke5 61.Rc8 Kd6 62.Rg8 Rf1 63.Kd4 Rd1+ 64.Ke3 Ke6
65.Rf8 Rd7 66.Rg8 Kf7 67.Rb8 Kf6 68.Rf8+ Rf7 69.Rg8 Rg7 70.Rf8+ Kg5 71.c5 Re7+
72.Kf2 Kf4 73.Rb8 Re4 74.Rc8 Rc4 75.Ke2 g3 76.Kd3 Rc1  0-1

[Event "BL2-SW9091"]
[Site "Germany"]
[Date "1991.??.??"]
[Round "?"]
[White "Reinhardt, Bernd"]
[Black "Balzar, Andreas"]
[Result "0-1"]
[WhiteElo "2255"]
[BlackElo "2345"]

1.Nf3 d5 2.g3 Nf6 3.Bg2 e6 4.O-O Be7 5.c4 O-O 6.b3 c5 7.Bb2 d4 8.b4 a5 9.bxc5 Nc6
10.d3 e5 11.Ba3 Nd7 12.Nbd2 Bxc5 13.Bxc5 Nxc5 14.Rb1 f5 15.Rb5 Qe7 16.Nb1 Bd7
17.Rb2 Rad8 18.Qd2 Bc8 19.Ng5 e4 20.Nh3 Be6 21.Nf4 Bf7 22.h4 h6 23.h5 Rfe8
24.Rb5 e3 25.fxe3 dxe3 26.Qb2 Nd4 27.Rxa5 Qc7 28.Qa3 Nce6 29.Nc3 Nxf4 30.gxf4 Bxh5
31.Nd5 Nxe2+ 32.Kh2 Rxd5 33.Bxd5+ Kh7 34.Ra8 Nxf4 35.Kh1 e2 36.Re1 Nxd5 37.cxd5 Qg3
38.d4 Bf3+ 39.Qxf3 Qxf3+ 40.Kh2 Qf2+ 41.Kh3 Re3+  0-1

[Event "BL2-SW9091"]
[Site "Germany"]
[Date "1991.??.??"]
[Round "?"]
[White "Roos, Daniel"]
[Black "Rausis, Igors"]
[Result "1/2-1/2"]
[WhiteElo "2385"]
[BlackElo "2440"]

1.Nf3 d5 2.g3 c6 3.Bg2 Bg4 4.d3 Nd7 5.Nbd2 e5 6.e4 dxe4 7.dxe4 Ngf6 8.O-O Bc5
9.h3 Bh5 10.c3 O-O 11.Qc2 Re8 12.Nc4 Qc7 13.b4 Bf8 14.a3 b5 15.Ne3 c5 16.g4 Bg6
17.Nh4 Nb6 18.Rd1 Rac8 19.Nxg6 hxg6 20.Qe2 a6 21.Bd2 Rcd8 22.Be1 Qb7 23.Rxd8 Rxd8
24.Rd1 Qc7 25.Rxd8 Qxd8 26.Qd2 Qc7 27.f3 Be7 28.Bf1 Nfd7 29.h4 Nf8 30.Nd5 Nxd5
31.Qxd5 Ne6 32.Qa8+ Qd8 33.Qxd8+ Bxd8 34.bxc5 Be7 35.c4 Bxc5+ 36.Kg2 Nd4
37.cxb5 axb5 38.Bf2 Bxa3 39.Bxd4  1/2-1/2

[Event "BL2-SW9091"]
[Site "Germany"]
[Date "1991.??.??"]
[Round "?"]
[White "Schulze, Ulrich"]
[Black "Troltenier, Dirk"]
[Result "1/2-1/2"]
[WhiteElo "2400"]
[BlackElo "2250"]

1.Nf3 d5 2.g3 c5 3.Bg2 Nc6 4.d4 Nf6 5.c4 e6 6.cxd5 exd5 7.O-O Be7 8.Nc3 O-O
9.Bg5 cxd4 10.Nxd4 Re8 11.Re1 h6 12.Be3 Bg4 13.h3 Be6 14.Nxe6 fxe6 15.Qa4 Qd7
16.Red1 Rad8 17.f4 Bb4 18.Bf2 Qf7 19.Nb5 a6 20.Na7 Nxa7 21.Qxb4 Nc6 22.Qa4 Kh8
23.Bb6 Rc8 24.Kh2 Qg6 25.a3 Ne7 26.Bf2 Nc6 27.Bf3 Rcd8 28.Bb6 Rc8 29.e3 Nd7
30.Bd4 Nf6 31.Bb6 Nd7 32.Bd4 Nf6 33.Bc3 Rcd8 34.Qc2 Qf7 35.Kg2 e5 36.Qb3 exf4
37.exf4 Re3 38.Re1 Rde8 39.Rxe3 Rxe3 40.Rf1 Nd4 41.Qb6 Rxf3 42.Rxf3 Nxf3
43.Bxf6 Ne1+ 44.Kf1 Nd3 45.Bc3 Qh5 46.Qe3 Qd1+ 47.Kg2 Qc2+ 48.Kf3 Nc1 49.Qe5  1/2-1/2

[Event "Bundesliga 9091"]
[Site "Germany"]
[Date "1991.??.??"]
[Round "?"]
[White "Wolf, Volker"]
[Black "Kraut, Rainer"]
[Result "1/2-1/2"]
[WhiteElo "2310"]
[BlackElo "2425"]

1.Nf3 d5 2.g3 Bg4 3.Bg2 Nd7 4.d3 e6 5.O-O c6 6.Nbd2 Bd6 7.c4 Ngf6 8.b3 O-O
9.h3 Bh5 10.Bb2 Qe7 11.Qc2 a5  1/2-1/2

[Event "Bundesliga 9091"]
[Site "Germany"]
[Date "1991.??.??"]
[Round "?"]
[White "Urban, Julian"]
[Black "Neunhoeffer, Helmut"]
[Result "1/2-1/2"]
[WhiteElo "2330"]
[BlackElo "2285"]

1.Nf3 d5 2.g3 c6 3.Bg2 Bg4 4.O-O Nd7 5.d3 e6 6.Nbd2 Bd6 7.b3 Ne7 8.Bb2 O-O
9.c4 a5 10.a3 e5 11.Rc1 f6 12.cxd5 cxd5 13.e4 Nc5 14.Qc2 Rc8 15.Qb1 d4 16.b4 axb4
17.axb4 Na6 18.b5 Nc7 19.b6 Na6 20.Nc4 Rc6 21.Nfd2 Bc5 22.f4 exf4 23.gxf4 Bxb6
24.Ba3 Bc5 25.Qa2 Be6 26.Rb1 Bxa3 27.Qxa3 Nc5 28.Rb5 b6 29.Rbb1 Nc8 30.Nxb6 Nxe4
31.Nxe4 Nxb6 32.Nxf6+ Rxf6 33.Bxc6 Rg6+ 34.Kh1 Bh3 35.Rxb6 Rxc6 36.Rb8 Bc8
37.Qb3+ Kh8 38.Re1 Qd7 39.Qd1 Qd5+ 40.Re4 h6 41.Qf3 Kh7 42.Rb2 Bb7 43.h3 Qd7
44.Kh2 Rc1  1/2-1/2

[Event "Bundesliga 9091"]
[Site "Germany"]
[Date "1991.??.??"]
[Round "?"]
[White "Urban, Julian"]
[Black "Franke, Heribert"]
[Result "1/2-1/2"]
[WhiteElo "2330"]
[BlackElo "2390"]

1.Nf3 d5 2.g3 c6 3.Bg2 Bg4 4.b3 e6 5.Bb2 Nd7 6.O-O Ngf6 7.d3 Bd6 8.Nbd2 O-O
9.c4 Re8 10.h3 Bh5 11.Qc2 e5 12.e4 dxe4 13.dxe4 a5 14.a3 Qb6 15.Bc3 Rad8
16.Rfb1 Bc5 17.Rf1 Bd4 18.b4 Bxc3 19.Qxc3 Bxf3 20.c5 Qc7 21.Bxf3 axb4 22.axb4 b5
23.cxb6 Qxb6 24.Nc4 Qd4 25.Qxd4 exd4 26.e5 Nd5 27.Bxd5 cxd5 28.Nd6 Rxe5 29.Rfd1 g6
30.Ra7 Re6 31.Nb5 Nf8 32.Nxd4 Rb6 33.Rc1 Ne6 34.Nc6 Rf8 35.Ne7+ Kg7 36.Nxd5 Rb5
37.Rd7 Rd8 38.Rxd8 Nxd8 39.Rc5 Rb8 40.Kg2 Ne6 41.Ra5 Nd4 42.Rc5 h5 43.Rc4 Nb5
44.Kf3 Rd8 45.Rc5 Nd4+ 46.Ke3 Ne6 47.Ra5 h4 48.gxh4 Re8 49.b5 Nc5+ 50.Kf3 Rd8
51.Ne3 Nb3 52.Ra6 Nd4+ 53.Kg4 Nxb5 54.h5 Nc7 55.Rc6 Nd5 56.hxg6 fxg6 57.h4 Nf6+
58.Kg3 Nh5+ 59.Kh3 Rf8 60.Rc7+ Rf7 61.Rxf7+ Kxf7 62.Kg4 Kf6 63.f4 Ng7 64.Nd5+ Ke6
65.Kg5 Kxd5 66.Kxg6 Ne6 67.f5 Nf4+  1/2-1/2

[Event "Bundesliga 9091"]
[Site "Germany"]
[Date "1991.??.??"]
[Round "?"]
[White "Podzielny, Karl Heinz"]
[Black "Hertneck, Gerald"]
[Result "1/2-1/2"]
[WhiteElo "2445"]
[BlackElo "2535"]

1.Nf3 d5 2.g3 c6 3.Bg2 Bg4 4.c4 e6 5.O-O Nd7 6.b3 Ngf6 7.Bb2 Bd6 8.d3 O-O
9.Nbd2 Re8 10.Re1 e5 11.cxd5 cxd5 12.h3 Bh5 13.Nh4 Nb6 14.g4 Bg6 15.Nxg6 hxg6
16.e3 Qd7 17.Nf3 Rad8 18.Rc1 Nh7 19.Qe2 Qe7 20.Rc2 a6 21.Rec1 Bb8 22.Qe1 e4
23.dxe4 dxe4 24.Qc3 Nf6 25.Ng5 Nbd5 26.Qc5 Bd6 27.Qc4 Nb4 28.Bxf6 gxf6 29.Nxe4 Nxc2
30.Qxc2 Kg7 31.Rd1 Bb8 32.Rxd8 Rxd8 33.f4 g5 34.Qc1 Ba7 35.fxg5 fxg5 36.Qc3+ Kg6
37.Kf2 Bb8 38.Nc5 b6 39.Ne4 Be5 40.Qc6+ Qe6 41.Qxe6+ fxe6 42.Bf1 a5 43.Bc4 Rd1
44.Bxe6 Rh1 45.a4 Rxh3 46.Ke2 Bb2 47.Bf5+ Kh6 48.Nd6 Kg7 49.Nc4 Rh6 50.Kd3 Ba1
51.Ke4 Kf7 52.Kd5 Ke7 53.e4 Rh3 54.Nxb6 Rxb3 55.Nc4 Rb4 56.Nxa5 Rd4+ 57.Kc5 Rxa4
58.Nc6+ Kf6 59.Kd5 Ra2 60.Kd6 Be5+ 61.Kc5  1/2-1/2

[Event "Bundesliga 9091"]
[Site "Germany"]
[Date "1991.??.??"]
[Round "?"]
[White "Hickl, Joerg"]
[Black "Stein, Bernd"]
[Result "1/2-1/2"]
[WhiteElo "2480"]
[BlackElo "2370"]

1.g3 d5 2.Nf3 g6 3.Bg2 Bg7 4.O-O Nf6 5.d3 O-O 6.Nbd2 a5 7.c3 a4 8.Qc2 Nc6
9.e4 e5 10.Rb1 h6 11.b4 axb3 12.axb3 Be6 13.b4 dxe4 14.dxe4 Ra2 15.Bb2 b5
16.Ra1 Rxa1 17.Rxa1 Qc8 18.Nb3 Nd7 19.Bf1 Qb7 20.Ne1 Ne7 21.Na5 Qb6 22.Bc1 c6
23.Be3 Qc7 24.c4 Qb8 25.cxb5 cxb5 26.Nc6 Nxc6 27.Qxc6 Nf6 28.Ba7 Bd7 29.Qa6 Qc7
30.Bc5 Nxe4 31.Bxf8 Bxf8 32.Bg2 Nc3 33.Nd3 e4 34.Nf4 Kg7 35.Qa3 Qc4 36.Bf1 Qxb4
37.Qa7 Qd6 38.Qb7 Bc6 39.Qc8 Nd5 40.Nxd5 Qxd5 41.Rc1 Bb7 42.Qc3+ Kh7 43.Qe3  1/2-1/2

[Event "Bundesliga 9091"]
[Site "Germany"]
[Date "1991.??.??"]
[Round "?"]
[White "Geveke, Michael"]
[Black "Hennings, Artur"]
[Result "0-1"]
[WhiteElo "2320"]
[BlackElo "2340"]

1.Nf3 d5 2.g3 c6 3.Bg2 Bg4 4.d3 Nd7 5.Nbd2 e6 6.h3 Bh5 7.b3 Bd6 8.Bb2 f6
9.e4 Ne7 10.Qe2 Qc7 11.O-O O-O 12.Rfe1 Rae8 13.Qf1 e5 14.d4 h6 15.a3 Bf7
16.c4 dxc4 17.Nxc4 Nc8 18.Rac1 Ncb6 19.Ncd2 Qb8 20.Qd3 Rd8 21.Qc2 Rfe8 22.Nf1 Bf8
23.Ne3 a5 24.Rcd1 a4 25.bxa4 exd4 26.Nxd4 Nc5 27.a5 Nba4 28.Ba1 Qa7 29.Nc4 Qa6
30.Bf1 Qa8 31.Bg2 Kh8 32.Nf5 Bxc4 33.Qxc4 Qxa5 34.Qf7 Nc3 35.Rc1 N5xe4 36.Re3 Qxf5
37.Bxc3 Nd6 38.Rf3 Qxf3 39.Qxe8 Qxg2+  0-1

[Event "Bundesliga 9091"]
[Site "Germany"]
[Date "1991.??.??"]
[Round "?"]
[White "Geveke, Michael"]
[Black "Franke, Heribert"]
[Result "1-0"]
[WhiteElo "2320"]
[BlackElo "2390"]

1.Nf3 d5 2.g3 c6 3.Bg2 Bg4 4.d3 e6 5.O-O Bd6 6.Nbd2 Nd7 7.h3 Bh5 8.Qe1 Ne7
9.e4 O-O 10.Kh1 Re8 11.Nh4 g5 12.Nhf3 h6 13.h4 Ng6 14.hxg5 hxg5 15.Nb3 g4
16.Nh2 f5 17.f4 gxf3 18.Bxf3 Bxf3+ 19.Nxf3 Qc7 20.Kg2 f4 21.gxf4 Bxf4 22.Nh4 Ndf8
23.Nxg6 Nxg6 24.Bxf4 Nxf4+ 25.Kf3 Rf8 26.Rg1+ Ng6+ 27.Ke2 Rf6 28.Qg3 Qxg3
29.Rxg3 Kf7 30.Rag1 Rh8 31.Kd1 dxe4 32.dxe4 e5 33.Nc5 Rh4 34.Kc1 Rhf4 35.Nxb7 Rxe4
36.Nd8+ Ke7 37.Rxg6 Rxg6 38.Rxg6 Kxd8 39.Rxc6 Rd4 40.Re6 Rd5 41.c4 Rc5 42.b3 a5
43.Ra6 Kd7 44.Kd2 e4 45.Ke3 Re5 46.Rf6  1-0

[Event "Bundesliga 9091"]
[Site "Germany"]
[Date "1991.??.??"]
[Round "?"]
[White "Espig, Lutz"]
[Black "Rabiega, Robert"]
[Result "1-0"]
[WhiteElo "2440"]
[BlackElo "2325"]

1.Nf3 d5 2.g3 c6 3.Bg2 Bg4 4.b3 e6 5.Bb2 Nf6 6.O-O Nbd7 7.d3 Bd6 8.Nbd2 Qe7
9.a3 O-O 10.Qe1 e5 11.e4 Rfe8 12.h3 Bxf3 13.Nxf3 a5 14.Nh4 Bc5 15.Kh2 dxe4
16.dxe4 Qf8 17.Qe2 g6 18.Rfd1 Qe7 19.Nf3 Bb6 20.Nd2 Qc5 21.Nc4 Qxf2 22.Qxf2 Bxf2
23.Nd6 Reb8 24.Rf1 Bc5 25.Rad1 b6 26.Nxf7 Kxf7 27.Rxd7+ Ke6 28.Rd3 Rd8 29.Rfd1 Rxd3
30.Rxd3 h5 31.Bc1 Ra7 32.Bf3 Rd7 33.Rxd7 Kxd7 34.Kg2 Ne8 35.g4 h4 36.Be2 Be7
37.g5 Nc7 38.a4 Bc5 39.Bd2 Ke7 40.Bc4 Ne8 41.Kf3 Nd6 42.Bd3 Nf7 43.Bf1 Nd8
44.Bc4 Bb4 45.c3 Ba3 46.Be1 Bc1 47.Bf2 Bd2 48.Bxb6 Bxc3 49.Bf2 Nb7 50.Bxh4 Bd2
51.Bg3 Bxg5 52.Bxe5 Bd2 53.Bf4 Bc3 54.e5 Nc5 55.Be3 Ne6 56.Ke4 Bb4 57.Bc1 Kd7
58.Kd3 Ke7 59.Be3 Be1 60.Kc2 Bb4 61.Bd3 Nf8 62.Be4 Ke6 63.Bxc6 Kxe5 64.Kd3 Ne6
65.Kc4 g5 66.Bd7 Nf4 67.Bb6 Kd6 68.Bg4 Nd5 69.Bd8 Bd2 70.Kd3  1-0

[Event "BL2-W9091"]
[Site "Germany"]
[Date "1991.??.??"]
[Round "?"]
[White "Grimm, Sascha"]
[Black "Huelsmann, Josef"]
[Result "1/2-1/2"]
[WhiteElo "2300"]
[BlackElo "2215"]

1.Nf3 d5 2.g3 c6 3.Bg2 Bg4 4.O-O Nd7 5.d3 Ngf6 6.Nbd2 e5 7.h3 Bxf3 8.Bxf3 Bc5
9.e4 dxe4 10.dxe4 Qe7 11.c3 a5 12.Qc2 Qe6 13.Kg2 a4 14.Rd1 O-O 15.Nf1 Rfd8
16.Bg5 h6 17.Bd2 Bf8 18.Be3 Bc5 19.b4 axb3 20.axb3 Rxa1 21.Rxa1 Bxe3 22.Nxe3 Nc5
23.b4 Na6 24.Be2 Nc7 25.Bc4 Qd7 26.Rd1 Qe8 27.f3 g6 28.Qb3 Rxd1 29.Qxd1 Qe7
30.Nc2 Kg7 31.Ne1 Nh5 32.Qd2 Ne6 33.Nd3 Qd6 34.Bxe6 Qxe6 35.Nc5 Qe7 36.Qd7 Qf6
37.h4 b6 38.Nd3 g5 39.Qc7 gxh4 40.Qxe5 Nxg3 41.c4 Ne2 42.Kh3 Nd4 43.f4 Nf3
44.Qxf6+ Kxf6 45.Kg4 Nd2 46.e5+ Ke7 47.c5 bxc5  1/2-1/2

[Event "BL2-W9091"]
[Site "Germany"]
[Date "1991.??.??"]
[Round "?"]
[White "Grimm, Sascha"]
[Black "Schnicke, Robert"]
[Result "1-0"]
[WhiteElo "2300"]
[BlackElo "2325"]

1.Nf3 d5 2.g3 g6 3.Bg2 Bg7 4.O-O e6 5.d3 c5 6.Nbd2 Nc6 7.e4 Nge7 8.exd5 exd5
9.d4 cxd4 10.Nb3 h6 11.Nfxd4 Ne5 12.Re1 g5 13.f4 Bg4 14.Qd2 Nc4 15.Qf2 O-O
16.f5 Nc6 17.Nxc6 bxc6 18.h3 Bxh3 19.Bxh3 Nxb2 20.Be3 Nc4 21.Bd4 Bxd4 22.Qxd4 Qd6
23.Qf2 Rac8 24.Rad1 c5 25.c3 Ne5 26.Bg2 c4 27.Rxd5 Qxd5 28.Bxd5 Nd3 29.Qh2 Kg7
30.f6+  1-0

[Event "BL2-W9091"]
[Site "Germany"]
[Date "1991.??.??"]
[Round "?"]
[White "Rieke, Theo"]
[Black "Fischdick, Gisela"]
[Result "1/2-1/2"]
[WhiteElo "2235"]
[BlackElo "2275"]

1.Nf3 d5 2.g3 c6 3.Bg2 Bg4 4.d3 Nd7 5.O-O Ngf6 6.Nbd2 e5 7.h3 Bh5 8.e4 dxe4
9.dxe4 Qc7 10.Qe2 Bc5 11.a4 O-O 12.b3 Rfe8 13.Bb2 Rad8 14.Rad1 Bd4 15.Ba3 Bc5
16.Bb2 Bd4 17.Ba3 Bc5 18.Bb2  1/2-1/2

[Event "BL2-W9091"]
[Site "Germany"]
[Date "1991.??.??"]
[Round "?"]
[White "Schmidt, Bodo"]
[Black "Von Gleich, Alexander"]
[Result "1/2-1/2"]
[WhiteElo "2345"]
[BlackElo "2315"]

1.Nf3 d5 2.g3 c6 3.Bg2 Bg4 4.O-O Nd7 5.d3 e6 6.Nbd2 Bd6 7.h3 Bh5 8.Qe1 Ne7
9.e4 O-O 10.Nh4 Qc7 11.Kh1 f5 12.exd5 exd5 13.f4 g5 14.Nhf3 gxf4 15.gxf4 Ng6
16.Qe6+ Kh8 17.b3 Bxf4 18.Bb2+ Nde5 19.Nxe5 Bxe5 20.Bxe5+ Qxe5 21.Qxe5+ Nxe5
22.Rae1 Ng6 23.b4 f4 24.Kg1 Nh4 25.Bh1 Rae8 26.Nb3 Rxe1 27.Rxe1 Bf3 28.Kf2 Bxh1
29.Rxh1 Re8 30.Re1 Rxe1 31.Kxe1 Nf3+ 32.Kf2 Ng5 33.h4 Ne6 34.Na5 Nd8 35.Nb3 Ne6
36.Na5 Nd8 37.Nb3 Kg7 38.Kf3 Ne6 39.c3 b6 40.Kg4 Kf6 41.d4 h5+ 42.Kxh5 Kf5
43.Nd2 Ng7+ 44.Kh6 Ne8 45.a4 Kg4 46.Kg6 Kxh4 47.c4 Kg3 48.cxd5 cxd5 49.Kf7 Nd6+
50.Ke6 Ne4 51.Nf1+ Kg2 52.Kxd5 Nf6+ 53.Ke5 Kxf1 54.Kxf4 Nd5+ 55.Ke5 Nxb4
56.d5 Ke2 57.d6 Nc6+ 58.Kd5 Nd8 59.d7 Kd3 60.Kd6 Kd4 61.Kc7 Nf7 62.Kb7 Kc5
63.Kxa7  1/2-1/2

[Event "Regionalliga NordN"]
[Site "Germany"]
[Date "1991.??.??"]
[Round "?"]
[White "Guzman, Enrique"]
[Black "Nogly, Christoph"]
[Result "0-1"]
[WhiteElo "2315"]
[BlackElo "2250"]

1.Nf3 d5 2.g3 Nc6 3.Bg2 e5 4.d3 Nf6 5.O-O h6 6.e4 dxe4 7.dxe4 Qxd1 8.Rxd1 Bc5
9.Nc3 Be6 10.Nd5 O-O-O 11.Be3 Bxe3 12.Nxe3 Rxd1+ 13.Rxd1 Nxe4 14.Ne1 Nc5
15.Rb1 f6 16.b4 Na4 17.c4 Rd8 18.b5 Ne7 19.Rb4 Nc5 20.a4 Rd2 21.a5 Ra2 22.a6 b6
23.Rb1 Rd2 24.Nf3 Rd6 25.Kf1 Nf5 26.Nxf5 Bxf5 27.Rc1 e4 28.Nh4 Be6 29.Ng6 Kd8
30.Kg1 Rd4 31.f3 Bxc4 32.fxe4 Bxb5 33.e5 Be8 34.Nh4 fxe5 35.Nf5 Rd7 36.Bc6 Rf7
37.Rd1+ Bd7 38.Ne3 Kc8  0-1

[Event "BL qual"]
[Site "Germany"]
[Date "1991.??.??"]
[Round "?"]
[White "Muehl, Theo"]
[Black "Illner, Achim"]
[Result "0-1"]
[WhiteElo "2210"]
[BlackElo "2210"]

1.Nf3 d5 2.g3 c5 3.Bg2 g6 4.d3 Nc6 5.O-O Bg7 6.Nbd2 e6 7.e4 Nge7 8.Re1 h6
9.c3 b6 10.Qc2 a5 11.Nf1 Ba6 12.Rd1 Ra7 13.Be3 d4 14.cxd4 cxd4 15.Bd2 O-O
16.Ne1 Qd7 17.Rdc1 Rc8 18.Qd1 Nb4 19.Rxc8+ Nxc8 20.Bxb4 axb4 21.f4 Nd6 22.Nd2 Nb7
23.e5 Nc5 24.Ne4 Qb5 25.Nd6 Qa4 26.b3 Qa5 27.h4 Bf8 28.Ne4 Nxe4 29.Bxe4 Bb7
30.Bxb7 Rxb7 31.Qc2 Ra7 32.Nf3 Qc5 33.Qc4 Qxc4 34.dxc4 Bc5 35.Kf1 d3 36.Ke1 Be3
37.Kd1 Bf2 38.Kd2 Bxg3 39.Kxd3 Bxf4 40.Ke4 Bg3 41.Rg1 Bf2 42.Rg2 Rxa2 43.Nh2 Rd2
44.Ng4 Rd4+ 45.Kf3 Bxh4 46.Nxh6+ Kg7 47.Rg4 Rxg4 48.Nxg4 f5 49.exf6+ Bxf6
50.Ke4 g5 51.Nf2 Kg6 52.Nd3 Bc3 53.c5 bxc5 54.Nxc5 e5 55.Nd3 g4 56.Nc1 Kg5
57.Ke3 Kh4  0-1

[Event "Regionalliga NordS"]
[Site "Germany"]
[Date "1991.??.??"]
[Round "?"]
[White "Gueldner, Kurt"]
[Black "Tyrtania, Maximilian"]
[Result "0-1"]
[WhiteElo "2310"]
[BlackElo "2235"]

1.Nf3 d5 2.g3 c5 3.Bg2 Nc6 4.O-O e5 5.d3 Nge7 6.e4 d4 7.Nh4 Be6 8.f4 f6 9.a4 Qc7
10.Na3 Nc8 11.f5 Bf7 12.Bf3 Nd6 13.Bh5 a6 14.Nc4 Nxc4 15.dxc4 O-O-O 16.Bxf7 Qxf7
17.Qe2 Be7 18.Ra3 Kb8 19.g4 Na5 20.b3 g5 21.fxg6 hxg6 22.Nf3 Qe6 23.Qg2 Nc6
24.Ne1 d3 25.Nxd3 Nd4 26.Be3 Rh4 27.h3 Rdh8 28.Bxd4 cxd4 29.Raa1 Rxh3 30.Nf2 R3h4
31.Rad1 d3 32.Rxd3 Bc5 33.Rfd1 Rh1+ 34.Qxh1 Rxh1+ 35.Kxh1 Bxf2 36.Kg2 Bc5
37.Kg3 f5 38.Rd5 Bd4 39.c3 Bxc3 40.Rd6 Qf7 41.exf5 gxf5 42.g5 Qh5 43.g6 e4
44.R1d5 Be5+ 45.Rxe5 Qg4+  0-1

[Event "Giessen op"]
[Site "Giessen"]
[Date "1991.??.??"]
[Round "4"]
[White "Gutman, Lev"]
[Black "Schwarz, Peter"]
[Result "1-0"]
[WhiteElo "2445"]
[BlackElo "2270"]

1.Nf3 d5 2.g3 Nf6 3.Bg2 e6 4.O-O b6 5.c4 Bb7 6.cxd5 Bxd5 7.Nc3 Bb7 8.d4 Be7
9.Bf4 O-O 10.Rc1 Nbd7 11.Nb5 c5 12.Bc7 Qc8 13.dxc5 bxc5 14.Bd6 Qd8 15.Bxe7 Qxe7
16.Qd6 Qxd6 17.Nxd6 Bd5 18.Nd2 Bxg2 19.Kxg2 Rab8 20.N2c4 Rb4 21.Rfd1 Ra4
22.a3 Rb8 23.Rd3 Kf8 24.e4 Ke7 25.f4 Ra6 26.Kf3 h5 27.b3 g6 28.h3 Rc6 29.Rcd1 Rc7
30.g4 hxg4+ 31.hxg4 Rh8 32.Kg3 a6 33.g5 Nh5+ 34.Kf3 Nb8 35.Ne5 Kf8 36.Ndxf7 Rxf7
37.Rd8+ Kg7 38.Nxf7  1-0

[Event "Aandalucia-ch"]
[Site "Granada"]
[Date "1991.??.??"]
[Round "5"]
[White "Garcia Luque, Agustin"]
[Black "Ruiz Gutierrez, Manuel"]
[Result "1-0"]
[WhiteElo "2280"]
[BlackElo "2235"]

1.Nf3 d5 2.g3 c5 3.Bg2 Nc6 4.O-O Nf6 5.d3 e6 6.Nbd2 Be7 7.e4 dxe4 8.dxe4 O-O
9.c3 b6 10.Re1 Ba6 11.Qa4 Qc8 12.e5 Nd5 13.Qg4 Bd3 14.Ne4 Bxe4 15.Rxe4 Re8
16.Ng5 h6 17.Nh3 Bf8 18.Bxh6 f5 19.exf6 Nxf6 20.Qh4 Ne7 21.Bd2 Nf5 22.Qg5 Nxe4
23.Bxe4 Rb8 24.Qg6 Be7 25.Nf4 Rf8 26.Nh5 Bf6 27.Bg5 Bxg5 28.Bxf5 Bf6 29.Re1 Qe8
30.Qh7+  1-0

[Event "Graz"]
[Site "Graz"]
[Date "1991.??.??"]
[Round "2"]
[White "Vukic, Milan"]
[Black "Wittmann, Walter"]
[Result "1-0"]
[WhiteElo "2500"]
[BlackElo "2390"]

1.Nf3 d5 2.g3 c6 3.Bg2 Bg4 4.b3 Nd7 5.Bb2 Ngf6 6.O-O e6 7.d3 Bc5 8.Nbd2 O-O
9.e4 dxe4 10.dxe4 e5 11.h3 Bxf3 12.Qxf3 Qe7 13.a3 a5 14.Qe2 Ne8 15.Nf3 Nc7
16.h4 Rfd8 17.Bh3 f6 18.Rfd1 Nf8 19.Rxd8 Rxd8 20.c3 Qd6 21.b4 Bb6 22.Qc4+ Nfe6
23.Bf1 Kh8 24.Be2 axb4 25.axb4 Qe7 26.Rd1 Rxd1+ 27.Bxd1 Qd6 28.Be2 Kg8 29.Bc1 Qd8
30.h5 Qa8 31.Kg2 Qa1 32.Bd2 Qa6 33.Nh4 Qxc4 34.Bxc4 Kf8 35.Nf5 Nd8 36.Nd6 Na8
37.Nc8 Bc7 38.Be3 h6 39.b5 Ke8 40.bxc6 Nxc6 41.Bb5 Kd8 42.Bxc6  1-0

[Event "Groningen op"]
[Site "Groningen"]
[Date "1991.??.??"]
[Round "1"]
[White "Kengis, Edvins"]
[Black "Krivonosov, Oleg"]
[Result "1-0"]
[WhiteElo "2575"]
[BlackElo "2360"]

1.Nf3 d5 2.g3 Nf6 3.Bg2 e6 4.c4 Be7 5.b3 O-O 6.O-O b6 7.d4 c6 8.Nc3 Nbd7
9.Bb2 Bb7 10.Qc2 Rc8 11.Rad1 Qc7 12.Rfe1 Rfd8 13.e4 Qb8 14.Qe2 Bb4 15.Nd2 Nxe4
16.Ndxe4 dxe4 17.Qxe4 Nf6 18.Qf3 Rd7 19.a3 Be7 20.Qe3 Rcd8 21.Bh3 Bf8 22.Ne2 Qd6
23.Nf4 Re7 24.Qe5 Ree8 25.Bg2 Qd7 26.Qe2 Qc7 27.Nd3 Nd7 28.Qf3 Ba8 29.Qg4 Nf6
30.Qh3 Be7 31.Ne5 Bf8 32.Bf3 Bd6 33.Qg2 Rc8 34.h4 Nd7 35.Ng4 Be7 36.h5 Nf6
37.Ne5 Nd7 38.Ng4 Nf6 39.Ne3 h6 40.Qf1 Rcd8 41.Qe2 Bb7 42.Qc2 Qb8 43.c5 Qc7
44.Nc4 Nd7 45.b4 Nf6 46.Ne5 b5 47.Bc1 Bf8 48.Bf4 Nd5 49.Qc1 Qe7 50.Be4 Nxf4
51.Qxf4 Rd5 52.Nxf7 Rxh5 53.Bg6 Rd5 54.Ne5  1-0

[Event "Hartberg op"]
[Site "Hartberg"]
[Date "1991.??.??"]
[Round "6"]
[White "Baumgartner, Heinz"]
[Black "Weinzettl, Ernst"]
[Result "1/2-1/2"]
[WhiteElo "2345"]
[BlackElo "2285"]

1.Nf3 d5 2.g3 c5 3.Bg2 Nc6 4.d4 e6 5.O-O Nf6 6.c4 Be7 7.dxc5 O-O 8.cxd5 exd5
9.Nc3 Bxc5 10.Na4 Bb6 11.b3 Re8 12.Bb2 Bg4 13.Nxb6 axb6 14.Re1 Qe7 15.Nd4 Ne5
16.a3 Rac8 17.Nc2 Rcd8 18.Qd4 Qe6 19.Ne3 Bh5 20.Rad1 Nc6 21.Qxb6 d4 22.Bxc6 bxc6
23.Rxd4 Rb8 24.Qc5 Rb5 25.Qc4 Rxb3 26.Qxe6 fxe6 27.Rb4 Rxb4 28.axb4 Nd5 29.Nc2 Ra8
30.e4 Ra2 31.exd5 Rxb2 32.Nd4 exd5 33.Nxc6 d4 34.Ra1 Kf7 35.g4 Bg6 36.Nxd4 Rxb4
37.Rd1 h5 38.g5 Be4 39.f3 Bb7 40.Rd2 h4 41.Kf2  1/2-1/2